Lost for Words: Comic Books Quiz Stats

 Plays Quiz Updated Jul 18, 2019

Score 0/21 Timer 04:00
6 Plays Today
Question Answer Wrong Answers
Green Lantern Lantern
96.4%
Candle
0.5%
Torch
2.6%
The Penguin Penguin
96.1%
Octopus
1.2%
Toad
0.9%
Beast Beast
95.2%
Scar
3.4%
Hook
1.1%
Storm Storm
94.3%
Fire
3%
Volcano
1.5%
Magneto Magnet
93%
Iron
3%
Sledgehammer
3.2%
Leonardo Leonardo Da Vinci
92.9%
Napoleon Bonaparte
2.7%
Ludwig van Beethoven
4.1%
Shredder Paper Shredder
92.6%
Scanner/Copier
2.2%
Filing Cabinet
2%
Black Widow Black Widow Spider
90%
Black Cat
6%
Bat
1.9%
Phoenix (Jean Grey) Phoenix
88.5%
Hydra
2.6%
Medusa
6.8%
Venom Cobra Spitting Venom
86.6%
Black Panther
10.5%
Sabretooth
1.4%
Harley Quinn Harley (Davidson)
83.4%
Ferrari
6.2%
Fighter Jet
8.9%
Robin American Robin
83.3%
Cardinal
12.3%
Goldfinch
3.6%
Daredevil Daredevil (Motorcycle Jump)
82.8%
Swashbucklers
3%
Firefighter
11.9%
Kingpin Kingpin
80.9%
Groundhog Day
6.9%
Caddyshack
8.5%
Wasp Wasp
80.8%
Raven
6.6%
Hawk
10.8%
Cable Cable
68%
Cage
18.6%
Cane
9.9%
The Tick Tick
64.1%
Ant
9.6%
Blue Beetle
24.3%
Doctor Doom Doom
63.8%
Super Metroid
27%
Street Fighter II
6.1%
Judge Dredd Dreadlocks (Bob Marley)
54.9%
Afro (Michael Jackson)
10.6%
Mullet (Billy Ray Cyrus)
31.7%
Thing Thing
52.8%
Cousin Itt
38%
Lurch
6.6%
Wolverine Wolverine
42.9%
Honey Badger
15.6%
Tasmanian Devil
38.3%

You're not logged in!

Compare scores with friends on all Sporcle quizzes.
OR
Log In

Sporcle TV

Today on Sporcle TV


Watch our educational content, quiz creation guides, and fun videos on Sporcle TV.

Show Comments

Extras

Top Quizzes Today


Score Distribution

Your Account Isn't Verified!

In order to create a playlist on Sporcle, you need to verify the email address you used during registration. Go to your Sporcle Settings to finish the process.

Report this User

Report this user for behavior that violates our Community Guidelines.

Details: